<?xml version="1.0" encoding="UTF-8"?>
<record
    xmlns:xsi="http://www.w3.org/2001/XMLSchema-instance"
    xsi:schemaLocation="http://www.loc.gov/MARC21/slim http://www.loc.gov/standards/marcxml/schema/MARC21slim.xsd"
    xmlns="http://www.loc.gov/MARC21/slim">

  <leader>00412nam a22001697a 4500</leader>
  <controlfield tag="005">20230818100841.0</controlfield>
  <controlfield tag="008">230818b        |||||||| |||| 00| 0 eng d</controlfield>
  <datafield tag="020" ind1=" " ind2=" ">
    <subfield code="a">978-93-90020-07-2</subfield>
  </datafield>
  <datafield tag="041" ind1=" " ind2=" ">
    <subfield code="a">eng</subfield>
  </datafield>
  <datafield tag="082" ind1=" " ind2=" ">
    <subfield code="a">615.8</subfield>
  </datafield>
  <datafield tag="100" ind1=" " ind2=" ">
    <subfield code="a">NANDA, BASANTA KUMAR</subfield>
    <subfield code="9">7972</subfield>
  </datafield>
  <datafield tag="245" ind1=" " ind2=" ">
    <subfield code="a">ELECTROTHERAPY SIMPLIFIED</subfield>
  </datafield>
  <datafield tag="260" ind1=" " ind2=" ">
    <subfield code="a">NEW DELHI</subfield>
    <subfield code="b">JAYPEE BROTHERS</subfield>
    <subfield code="c">2020</subfield>
  </datafield>
  <datafield tag="300" ind1=" " ind2=" ">
    <subfield code="a">334;p</subfield>
  </datafield>
  <datafield tag="650" ind1=" " ind2=" ">
    <subfield code="a">BPT</subfield>
    <subfield code="9">7973</subfield>
  </datafield>
  <datafield tag="942" ind1=" " ind2=" ">
    <subfield code="c">BK</subfield>
  </datafield>
  <datafield tag="999" ind1=" " ind2=" ">
    <subfield code="c">8383</subfield>
    <subfield code="d">8381</subfield>
  </datafield>
  <datafield tag="952" ind1=" " ind2=" ">
    <subfield code="0">0</subfield>
    <subfield code="1">0</subfield>
    <subfield code="4">0</subfield>
    <subfield code="7">0</subfield>
    <subfield code="8">REF</subfield>
    <subfield code="a">JRU</subfield>
    <subfield code="b">JRU</subfield>
    <subfield code="c">SHELF- 8- B</subfield>
    <subfield code="d">2023-08-05</subfield>
    <subfield code="e">PURCHASE</subfield>
    <subfield code="g">1025.00</subfield>
    <subfield code="l">0</subfield>
    <subfield code="o">615.8</subfield>
    <subfield code="p">27874</subfield>
    <subfield code="r">2023-08-18 00:00:00</subfield>
    <subfield code="w">2023-08-05</subfield>
    <subfield code="y">BK</subfield>
  </datafield>
  <datafield tag="952" ind1=" " ind2=" ">
    <subfield code="0">0</subfield>
    <subfield code="1">0</subfield>
    <subfield code="4">0</subfield>
    <subfield code="7">0</subfield>
    <subfield code="8">PHYSIOTHERAPY</subfield>
    <subfield code="a">JRU</subfield>
    <subfield code="b">JRU</subfield>
    <subfield code="c">SHELF-20-B</subfield>
    <subfield code="d">2023-08-05</subfield>
    <subfield code="e">PURCHASE</subfield>
    <subfield code="g">1025.00</subfield>
    <subfield code="l">19</subfield>
    <subfield code="m">7</subfield>
    <subfield code="o">615.8</subfield>
    <subfield code="p">27875</subfield>
    <subfield code="r">2026-05-01 16:39:46</subfield>
    <subfield code="s">2026-04-01</subfield>
    <subfield code="w">2023-08-05</subfield>
    <subfield code="y">BK</subfield>
  </datafield>
  <datafield tag="952" ind1=" " ind2=" ">
    <subfield code="0">0</subfield>
    <subfield code="1">0</subfield>
    <subfield code="4">0</subfield>
    <subfield code="7">0</subfield>
    <subfield code="8">PHYSIOTHERAPY</subfield>
    <subfield code="a">JRU</subfield>
    <subfield code="b">JRU</subfield>
    <subfield code="c">SHELF-20-B</subfield>
    <subfield code="d">2023-08-05</subfield>
    <subfield code="e">PURCHASE</subfield>
    <subfield code="g">1025.00</subfield>
    <subfield code="l">14</subfield>
    <subfield code="m">7</subfield>
    <subfield code="o">615.8</subfield>
    <subfield code="p">27876</subfield>
    <subfield code="r">2026-05-04 12:08:31</subfield>
    <subfield code="s">2026-04-01</subfield>
    <subfield code="w">2023-08-05</subfield>
    <subfield code="y">BK</subfield>
  </datafield>
</record>
